| 000 | 00841nas a2200277 4500 | ||
|---|---|---|---|
| 001 | BR9601344 | ||
| 003 | BR-BrBNA | ||
| 005 | 20231205094658.0 | ||
| 007 | ta | ||
| 008 | 230509b bl.|||p| |||| 00| 00por d | ||
| 040 |
_aBR-BrBNA _bpor _cBiblioteca Nacional de Agricultura |
||
| 041 | _a(Pt) | ||
| 072 | _aH20 | ||
| 100 | 1 | _aFigueiredo, J.O. de | |
| 100 | 1 | _aPompeu Junior, J. | |
| 100 | 1 | _aPio, R.M. | |
| 100 | 1 | _aMuller, G.W. | |
| 100 | 1 | _aTeofilo Sobrinho, J. | |
| 245 | 1 | _aLevantamento da ocorrencia de caneluras da tristeza dos citros em variedades de laranja doce | |
| 650 | _aLaranja Doce | ||
| 650 | _aTristeza Citrica | ||
| 650 | _aVirose Vegetal | ||
| 773 | 0 |
_tRevista Brasileira de Fruticultura (Brazil) _x _g(1991), v. 13(4) p. 49-51 _wBR9601344 |
|
| 909 |
_a202311 _bLúcia _c55 _dLúcia Elande |
||
| 942 |
_2AGRIS _n0 _cANA |
||
| 999 |
_c146098 _d146098 |
||